Stochastic dynamic programming and the control of queueing systems

Saved in:
Bibliographic Details
Main Author: Sennott, Linn I. 1943-
Format: Book
Language:English
Published: New York : Wiley, c1999
Series:Wiley series in probability and statistics. Applied probability and statistics
Subjects:
Tags: Add Tag
No Tags, Be the first to tag this record!

MARC

LEADER 00000nam a2200000 i 4500
001 1/25021
008 020617s1999 eng d
020 |a 0-471-16120-9 
035 |l 10067989 
040 |a GR-MY-UA  |b gre  |e aacr 
041 0 |a eng 
082 0 |a 519.703 
100 1 |a Sennott, Linn I.  |d 1943- 
245 1 0 |a Stochastic dynamic programming and the control of queueing systems /  |c Linn I. Sennott 
260 |a New York :   |b Wiley,   |c c1999 
300 |a xiv, 328 p.;  |b ill.;  |c 25 cm. 
490 1 |a Wiley series in probability and statistics. Applied probability and statistics  
500 |a "A Wiley-Interscience publication." 
504 |a Includes bibliographical references and index 
650 0 0 |a Stochastic programming. 
650 0 0 |a Dynamic programming. 
650 0 0 |a Queuing theory. 
830 0 |a Wiley series in probability and statistics. Applied probability and statistics 
852 |a INST  |b CHIOS  |e 20070830  |h 519.703 SEN  |p 005200025572  |q 005200025572  |t BK  |y 0 
852 |a INST  |b SAMOS  |e 20020617  |h 519.703 SEN  |p 005300020047  |q 005300020047  |t BK  |y 0 
901 |a BIBL3-2002-2 
901 |a BIBL2-2007-2 
909 |a Σ  |b 102108 
909 |a Χ  |b 138894 
922 |a 3ΕΛΗ  |b 200202  |c ΤΣΑΕ  |d ΠΑΠΑΣΩΤΗΡΙΟΥ 
922 |a 2ΕΛΗ  |b 200707  |c ΕΠΕΑΕΚ2/ΤΜΟΔ  |d ΕΛΕΥΘΕΡΟΥΔΑΚΗΣ 
950 |a 184-2002-02-19 
970 |a ΚΟΣΙΕΡΗΣ  |b ΧΡΗΣΤΟΣ  |z 2002/07/05